00000000nam 2200000zi 4500
0019.935667
003CaOODSP
00520250121091740
006m     o  d f      
007cr |n|||||||||
008240320t20242024onc     ob   f000 0 fre d
020 |a9780660709079
040 |aCaOODSP|bfre|erda|cCaOODSP
043 |an-cn---
0861 |aNR24-124/2024F-PDF
1001 |aAllin, B., |eauteur.
24510|aVers des codes de construction axés sur la performance : |bconsultation initiale auprès des intervenants : résumé des commentaires / |cAllin, B.; Pendakur, K.; Saidou, A.; Ndatuje, E.; McFadden, J. B. W.; Robbins, A. P.
24617|aConsultation initiale auprès des intervenants : |brésumé des commentaires
264 1|a[Ottawa] : |bConseil national de recherches Canada = National Research Council Canada, |c2024.
264 4|c©2024
300 |a1 ressource en ligne (vii, 74 pages)
336 |atexte|btxt|2rdacontent/fre
337 |ainformatique|bc|2rdamedia/fre
338 |aressource en ligne|bcr|2rdacarrier/fre
500 |aPublié aussi en anglais sous le titre : Towards performance-based building construction codes : initial stakeholder consultation : summary of comments.
500 |a« Unclassified - non classifié. »
500 |a« Date : 4 juin 2024 (révisé le 6 août 2024). »
504 |aComprend des références bibliographiques.
650 6|aGaz à effet de serre|xRéduction|zCanada.
650 6|aConstruction|xDroit|zCanada|vCodes.
7102 |aConseil national de recherches Canada, |eorganisme de publication.
77508|tTowards performance-based building construction codes : |w(CaOODSP)9.935666
85640|qPDF|s980 Ko|uhttps://publications.gc.ca/collections/collection_2025/cnrc-nrc/NR24-124-2024-fra.pdf
8564 |qHTML|sS.O.|uhttps://doi.org/10.4224/40003407